<?xml version="1.0" encoding="UTF-8"?>
<collection xmlns="http://www.loc.gov/MARC21/slim">
<record>
  <controlfield tag="001">2627555</controlfield>
  <controlfield tag="005">20180703221244.0</controlfield>
  <datafield tag="024" ind1="8" ind2=" ">
    <subfield code="a">oai:cds.cern.ch:2627555</subfield>
    <subfield code="p">cerncds:FULLTEXT</subfield>
  </datafield>
  <datafield tag="037" ind1=" " ind2=" ">
    <subfield code="a">CERN-PHOTO-201806-165</subfield>
  </datafield>
  <datafield tag="100" ind1=" " ind2=" ">
    <subfield code="a">Ordan, Julien Marius</subfield>
    <subfield code="0">AUTHOR|(CDS)2094367</subfield>
    <subfield code="0">AUTHOR|(SzGeCERN)763679</subfield>
    <subfield code="u">CERN</subfield>
    <subfield code="m">julien.ordan@cern.ch</subfield>
  </datafield>
  <datafield tag="245" ind1=" " ind2=" ">
    <subfield code="a">Beehives at CERN, Prevessin site</subfield>
  </datafield>
  <datafield tag="260" ind1=" " ind2=" ">
    <subfield code="c">2018</subfield>
  </datafield>
  <datafield tag="269" ind1=" " ind2=" ">
    <subfield code="a">Geneva</subfield>
    <subfield code="b">CERN</subfield>
    <subfield code="c">2018-06-29</subfield>
  </datafield>
  <datafield tag="500" ind1=" " ind2=" ">
    <subfield code="a">General Photo</subfield>
  </datafield>
  <datafield tag="506" ind1=" " ind2=" ">
    <subfield code="a">public</subfield>
  </datafield>
  <datafield tag="520" ind1=" " ind2=" ">
    <subfield code="a">Some pictures of the beehives at CERN</subfield>
  </datafield>
  <datafield tag="542" ind1=" " ind2=" ">
    <subfield code="d">CERN</subfield>
    <subfield code="g">2018</subfield>
  </datafield>
  <datafield tag="595" ind1=" " ind2=" ">
    <subfield code="a">CERN EDS</subfield>
    <subfield code="s">PHOTOLAB</subfield>
  </datafield>
  <datafield tag="650" ind1="2" ind2="7">
    <subfield code="2">SzGeCERN</subfield>
    <subfield code="a">Life at CERN</subfield>
  </datafield>
  <datafield tag="650" ind1="1" ind2="7">
    <subfield code="2">SzGeCERN</subfield>
    <subfield code="a">Photolab</subfield>
  </datafield>
  <datafield tag="653" ind1="1" ind2=" ">
    <subfield code="a">Communication</subfield>
    <subfield code="9">CERN</subfield>
  </datafield>
  <datafield tag="653" ind1="1" ind2=" ">
    <subfield code="a">Beehives</subfield>
    <subfield code="9">CERN</subfield>
  </datafield>
  <datafield tag="653" ind1="1" ind2=" ">
    <subfield code="a">Bees</subfield>
    <subfield code="9">CERN</subfield>
  </datafield>
  <datafield tag="653" ind1="1" ind2=" ">
    <subfield code="a">biodiversity</subfield>
    <subfield code="9">CERN</subfield>
  </datafield>
  <datafield tag="690" ind1="C" ind2=" ">
    <subfield code="a">CERN</subfield>
  </datafield>
  <datafield tag="690" ind1="C" ind2=" ">
    <subfield code="a">PHOTO</subfield>
  </datafield>
  <datafield tag="700" ind1=" " ind2=" ">
    <subfield code="a">Mestvirishvili, Anna</subfield>
    <subfield code="0">AUTHOR|(CDS)2131963</subfield>
    <subfield code="0">AUTHOR|(SzGeCERN)546769</subfield>
    <subfield code="m">anna.mestvirishvili@cern.ch</subfield>
  </datafield>
  <datafield tag="856" ind1="4" ind2=" ">
    <subfield code="8">1415995</subfield>
    <subfield code="s">34468616</subfield>
    <subfield code="u">http://cds.cern.ch/record/2627555/files/201803-165_01.jpg</subfield>
  </datafield>
  <datafield tag="856" ind1="4" ind2=" ">
    <subfield code="8">1415996</subfield>
    <subfield code="s">59333462</subfield>
    <subfield code="u">http://cds.cern.ch/record/2627555/files/201803-165_02.jpg</subfield>
  </datafield>
  <datafield tag="856" ind1="4" ind2=" ">
    <subfield code="8">1415997</subfield>
    <subfield code="s">26730410</subfield>
    <subfield code="u">http://cds.cern.ch/record/2627555/files/201803-165_03.jpg</subfield>
  </datafield>
  <datafield tag="856" ind1="4" ind2=" ">
    <subfield code="8">1415998</subfield>
    <subfield code="s">37121236</subfield>
    <subfield code="u">http://cds.cern.ch/record/2627555/files/201803-165_04.jpg</subfield>
  </datafield>
  <datafield tag="856" ind1="4" ind2=" ">
    <subfield code="8">1415999</subfield>
    <subfield code="s">34459193</subfield>
    <subfield code="u">http://cds.cern.ch/record/2627555/files/201803-165_05.jpg</subfield>
  </datafield>
  <datafield tag="856" ind1="4" ind2=" ">
    <subfield code="8">1416000</subfield>
    <subfield code="s">19563734</subfield>
    <subfield code="u">http://cds.cern.ch/record/2627555/files/201803-165_06.jpg</subfield>
  </datafield>
  <datafield tag="856" ind1="4" ind2=" ">
    <subfield code="8">1416001</subfield>
    <subfield code="s">29484905</subfield>
    <subfield code="u">http://cds.cern.ch/record/2627555/files/201803-165_07.jpg</subfield>
  </datafield>
  <datafield tag="856" ind1="4" ind2=" ">
    <subfield code="8">1416002</subfield>
    <subfield code="s">32403690</subfield>
    <subfield code="u">http://cds.cern.ch/record/2627555/files/201803-165_08.jpg</subfield>
  </datafield>
  <datafield tag="856" ind1="4" ind2=" ">
    <subfield code="8">1416003</subfield>
    <subfield code="s">24354904</subfield>
    <subfield code="u">http://cds.cern.ch/record/2627555/files/201803-165_09.jpg</subfield>
  </datafield>
  <datafield tag="856" ind1="4" ind2=" ">
    <subfield code="8">1416004</subfield>
    <subfield code="s">21993499</subfield>
    <subfield code="u">http://cds.cern.ch/record/2627555/files/201803-165_10.jpg</subfield>
  </datafield>
  <datafield tag="856" ind1="4" ind2=" ">
    <subfield code="8">1416005</subfield>
    <subfield code="s">19150876</subfield>
    <subfield code="u">http://cds.cern.ch/record/2627555/files/201803-165_11.jpg</subfield>
  </datafield>
  <datafield tag="856" ind1="4" ind2=" ">
    <subfield code="8">1416006</subfield>
    <subfield code="s">21371464</subfield>
    <subfield code="u">http://cds.cern.ch/record/2627555/files/201803-165_12.jpg</subfield>
  </datafield>
  <datafield tag="856" ind1="4" ind2=" ">
    <subfield code="8">1416007</subfield>
    <subfield code="s">16873051</subfield>
    <subfield code="u">http://cds.cern.ch/record/2627555/files/201803-165_13.jpg</subfield>
  </datafield>
  <datafield tag="856" ind1="4" ind2=" ">
    <subfield code="8">1416008</subfield>
    <subfield code="s">24065496</subfield>
    <subfield code="u">http://cds.cern.ch/record/2627555/files/201803-165_14.jpg</subfield>
  </datafield>
  <datafield tag="856" ind1="4" ind2=" ">
    <subfield code="8">1416009</subfield>
    <subfield code="s">15145279</subfield>
    <subfield code="u">http://cds.cern.ch/record/2627555/files/201803-165_15.jpg</subfield>
  </datafield>
  <datafield tag="856" ind1="4" ind2=" ">
    <subfield code="8">1415995</subfield>
    <subfield code="s">248811</subfield>
    <subfield code="u">http://cds.cern.ch/record/2627555/files/201803-165_01.jpg?subformat=icon-640</subfield>
    <subfield code="x">icon-640</subfield>
  </datafield>
  <datafield tag="856" ind1="4" ind2=" ">
    <subfield code="8">1415995</subfield>
    <subfield code="s">36325</subfield>
    <subfield code="u">http://cds.cern.ch/record/2627555/files/201803-165_01.jpg?subformat=icon-180</subfield>
    <subfield code="x">icon-180</subfield>
  </datafield>
  <datafield tag="856" ind1="4" ind2=" ">
    <subfield code="8">1415995</subfield>
    <subfield code="s">943339</subfield>
    <subfield code="u">http://cds.cern.ch/record/2627555/files/201803-165_01.jpg?subformat=icon-1440</subfield>
    <subfield code="x">icon-1440</subfield>
  </datafield>
  <datafield tag="856" ind1="4" ind2=" ">
    <subfield code="8">1415996</subfield>
    <subfield code="s">1508786</subfield>
    <subfield code="u">http://cds.cern.ch/record/2627555/files/201803-165_02.jpg?subformat=icon-1440</subfield>
    <subfield code="x">icon-1440</subfield>
  </datafield>
  <datafield tag="856" ind1="4" ind2=" ">
    <subfield code="8">1415996</subfield>
    <subfield code="s">304531</subfield>
    <subfield code="u">http://cds.cern.ch/record/2627555/files/201803-165_02.jpg?subformat=icon-640</subfield>
    <subfield code="x">icon-640</subfield>
  </datafield>
  <datafield tag="856" ind1="4" ind2=" ">
    <subfield code="8">1415996</subfield>
    <subfield code="s">31998</subfield>
    <subfield code="u">http://cds.cern.ch/record/2627555/files/201803-165_02.jpg?subformat=icon-180</subfield>
    <subfield code="x">icon-180</subfield>
  </datafield>
  <datafield tag="856" ind1="4" ind2=" ">
    <subfield code="8">1415997</subfield>
    <subfield code="s">206305</subfield>
    <subfield code="u">http://cds.cern.ch/record/2627555/files/201803-165_03.jpg?subformat=icon-640</subfield>
    <subfield code="x">icon-640</subfield>
  </datafield>
  <datafield tag="856" ind1="4" ind2=" ">
    <subfield code="8">1415997</subfield>
    <subfield code="s">35571</subfield>
    <subfield code="u">http://cds.cern.ch/record/2627555/files/201803-165_03.jpg?subformat=icon-180</subfield>
    <subfield code="x">icon-180</subfield>
  </datafield>
  <datafield tag="856" ind1="4" ind2=" ">
    <subfield code="8">1415997</subfield>
    <subfield code="s">763779</subfield>
    <subfield code="u">http://cds.cern.ch/record/2627555/files/201803-165_03.jpg?subformat=icon-1440</subfield>
    <subfield code="x">icon-1440</subfield>
  </datafield>
  <datafield tag="856" ind1="4" ind2=" ">
    <subfield code="8">1415998</subfield>
    <subfield code="s">1103532</subfield>
    <subfield code="u">http://cds.cern.ch/record/2627555/files/201803-165_04.jpg?subformat=icon-1440</subfield>
    <subfield code="x">icon-1440</subfield>
  </datafield>
  <datafield tag="856" ind1="4" ind2=" ">
    <subfield code="8">1415998</subfield>
    <subfield code="s">290336</subfield>
    <subfield code="u">http://cds.cern.ch/record/2627555/files/201803-165_04.jpg?subformat=icon-640</subfield>
    <subfield code="x">icon-640</subfield>
  </datafield>
  <datafield tag="856" ind1="4" ind2=" ">
    <subfield code="8">1415998</subfield>
    <subfield code="s">39468</subfield>
    <subfield code="u">http://cds.cern.ch/record/2627555/files/201803-165_04.jpg?subformat=icon-180</subfield>
    <subfield code="x">icon-180</subfield>
  </datafield>
  <datafield tag="856" ind1="4" ind2=" ">
    <subfield code="8">1415999</subfield>
    <subfield code="s">221836</subfield>
    <subfield code="u">http://cds.cern.ch/record/2627555/files/201803-165_05.jpg?subformat=icon-640</subfield>
    <subfield code="x">icon-640</subfield>
  </datafield>
  <datafield tag="856" ind1="4" ind2=" ">
    <subfield code="8">1415999</subfield>
    <subfield code="s">35366</subfield>
    <subfield code="u">http://cds.cern.ch/record/2627555/files/201803-165_05.jpg?subformat=icon-180</subfield>
    <subfield code="x">icon-180</subfield>
  </datafield>
  <datafield tag="856" ind1="4" ind2=" ">
    <subfield code="8">1415999</subfield>
    <subfield code="s">849757</subfield>
    <subfield code="u">http://cds.cern.ch/record/2627555/files/201803-165_05.jpg?subformat=icon-1440</subfield>
    <subfield code="x">icon-1440</subfield>
  </datafield>
  <datafield tag="856" ind1="4" ind2=" ">
    <subfield code="8">1416000</subfield>
    <subfield code="s">1216394</subfield>
    <subfield code="u">http://cds.cern.ch/record/2627555/files/201803-165_06.jpg?subformat=icon-1440</subfield>
    <subfield code="x">icon-1440</subfield>
  </datafield>
  <datafield tag="856" ind1="4" ind2=" ">
    <subfield code="8">1416000</subfield>
    <subfield code="s">315057</subfield>
    <subfield code="u">http://cds.cern.ch/record/2627555/files/201803-165_06.jpg?subformat=icon-640</subfield>
    <subfield code="x">icon-640</subfield>
  </datafield>
  <datafield tag="856" ind1="4" ind2=" ">
    <subfield code="8">1416000</subfield>
    <subfield code="s">40406</subfield>
    <subfield code="u">http://cds.cern.ch/record/2627555/files/201803-165_06.jpg?subformat=icon-180</subfield>
    <subfield code="x">icon-180</subfield>
  </datafield>
  <datafield tag="856" ind1="4" ind2=" ">
    <subfield code="8">1416001</subfield>
    <subfield code="s">1105838</subfield>
    <subfield code="u">http://cds.cern.ch/record/2627555/files/201803-165_07.jpg?subformat=icon-1440</subfield>
    <subfield code="x">icon-1440</subfield>
  </datafield>
  <datafield tag="856" ind1="4" ind2=" ">
    <subfield code="8">1416001</subfield>
    <subfield code="s">298986</subfield>
    <subfield code="u">http://cds.cern.ch/record/2627555/files/201803-165_07.jpg?subformat=icon-640</subfield>
    <subfield code="x">icon-640</subfield>
  </datafield>
  <datafield tag="856" ind1="4" ind2=" ">
    <subfield code="8">1416001</subfield>
    <subfield code="s">40778</subfield>
    <subfield code="u">http://cds.cern.ch/record/2627555/files/201803-165_07.jpg?subformat=icon-180</subfield>
    <subfield code="x">icon-180</subfield>
  </datafield>
  <datafield tag="856" ind1="4" ind2=" ">
    <subfield code="8">1416002</subfield>
    <subfield code="s">1002162</subfield>
    <subfield code="u">http://cds.cern.ch/record/2627555/files/201803-165_08.jpg?subformat=icon-1440</subfield>
    <subfield code="x">icon-1440</subfield>
  </datafield>
  <datafield tag="856" ind1="4" ind2=" ">
    <subfield code="8">1416002</subfield>
    <subfield code="s">267461</subfield>
    <subfield code="u">http://cds.cern.ch/record/2627555/files/201803-165_08.jpg?subformat=icon-640</subfield>
    <subfield code="x">icon-640</subfield>
  </datafield>
  <datafield tag="856" ind1="4" ind2=" ">
    <subfield code="8">1416002</subfield>
    <subfield code="s">38900</subfield>
    <subfield code="u">http://cds.cern.ch/record/2627555/files/201803-165_08.jpg?subformat=icon-180</subfield>
    <subfield code="x">icon-180</subfield>
  </datafield>
  <datafield tag="856" ind1="4" ind2=" ">
    <subfield code="8">1416003</subfield>
    <subfield code="s">1217382</subfield>
    <subfield code="u">http://cds.cern.ch/record/2627555/files/201803-165_09.jpg?subformat=icon-1440</subfield>
    <subfield code="x">icon-1440</subfield>
  </datafield>
  <datafield tag="856" ind1="4" ind2=" ">
    <subfield code="8">1416003</subfield>
    <subfield code="s">319805</subfield>
    <subfield code="u">http://cds.cern.ch/record/2627555/files/201803-165_09.jpg?subformat=icon-640</subfield>
    <subfield code="x">icon-640</subfield>
  </datafield>
  <datafield tag="856" ind1="4" ind2=" ">
    <subfield code="8">1416003</subfield>
    <subfield code="s">42202</subfield>
    <subfield code="u">http://cds.cern.ch/record/2627555/files/201803-165_09.jpg?subformat=icon-180</subfield>
    <subfield code="x">icon-180</subfield>
  </datafield>
  <datafield tag="856" ind1="4" ind2=" ">
    <subfield code="8">1416004</subfield>
    <subfield code="s">1174436</subfield>
    <subfield code="u">http://cds.cern.ch/record/2627555/files/201803-165_10.jpg?subformat=icon-1440</subfield>
    <subfield code="x">icon-1440</subfield>
  </datafield>
  <datafield tag="856" ind1="4" ind2=" ">
    <subfield code="8">1416004</subfield>
    <subfield code="s">306628</subfield>
    <subfield code="u">http://cds.cern.ch/record/2627555/files/201803-165_10.jpg?subformat=icon-640</subfield>
    <subfield code="x">icon-640</subfield>
  </datafield>
  <datafield tag="856" ind1="4" ind2=" ">
    <subfield code="8">1416004</subfield>
    <subfield code="s">41556</subfield>
    <subfield code="u">http://cds.cern.ch/record/2627555/files/201803-165_10.jpg?subformat=icon-180</subfield>
    <subfield code="x">icon-180</subfield>
  </datafield>
  <datafield tag="856" ind1="4" ind2=" ">
    <subfield code="8">1416005</subfield>
    <subfield code="s">230327</subfield>
    <subfield code="u">http://cds.cern.ch/record/2627555/files/201803-165_11.jpg?subformat=icon-640</subfield>
    <subfield code="x">icon-640</subfield>
  </datafield>
  <datafield tag="856" ind1="4" ind2=" ">
    <subfield code="8">1416005</subfield>
    <subfield code="s">37020</subfield>
    <subfield code="u">http://cds.cern.ch/record/2627555/files/201803-165_11.jpg?subformat=icon-180</subfield>
    <subfield code="x">icon-180</subfield>
  </datafield>
  <datafield tag="856" ind1="4" ind2=" ">
    <subfield code="8">1416005</subfield>
    <subfield code="s">811392</subfield>
    <subfield code="u">http://cds.cern.ch/record/2627555/files/201803-165_11.jpg?subformat=icon-1440</subfield>
    <subfield code="x">icon-1440</subfield>
  </datafield>
  <datafield tag="856" ind1="4" ind2=" ">
    <subfield code="8">1416006</subfield>
    <subfield code="s">227938</subfield>
    <subfield code="u">http://cds.cern.ch/record/2627555/files/201803-165_12.jpg?subformat=icon-640</subfield>
    <subfield code="x">icon-640</subfield>
  </datafield>
  <datafield tag="856" ind1="4" ind2=" ">
    <subfield code="8">1416006</subfield>
    <subfield code="s">36647</subfield>
    <subfield code="u">http://cds.cern.ch/record/2627555/files/201803-165_12.jpg?subformat=icon-180</subfield>
    <subfield code="x">icon-180</subfield>
  </datafield>
  <datafield tag="856" ind1="4" ind2=" ">
    <subfield code="8">1416006</subfield>
    <subfield code="s">822225</subfield>
    <subfield code="u">http://cds.cern.ch/record/2627555/files/201803-165_12.jpg?subformat=icon-1440</subfield>
    <subfield code="x">icon-1440</subfield>
  </datafield>
  <datafield tag="856" ind1="4" ind2=" ">
    <subfield code="8">1416007</subfield>
    <subfield code="s">229491</subfield>
    <subfield code="u">http://cds.cern.ch/record/2627555/files/201803-165_13.jpg?subformat=icon-640</subfield>
    <subfield code="x">icon-640</subfield>
  </datafield>
  <datafield tag="856" ind1="4" ind2=" ">
    <subfield code="8">1416007</subfield>
    <subfield code="s">38710</subfield>
    <subfield code="u">http://cds.cern.ch/record/2627555/files/201803-165_13.jpg?subformat=icon-180</subfield>
    <subfield code="x">icon-180</subfield>
  </datafield>
  <datafield tag="856" ind1="4" ind2=" ">
    <subfield code="8">1416007</subfield>
    <subfield code="s">775810</subfield>
    <subfield code="u">http://cds.cern.ch/record/2627555/files/201803-165_13.jpg?subformat=icon-1440</subfield>
    <subfield code="x">icon-1440</subfield>
  </datafield>
  <datafield tag="856" ind1="4" ind2=" ">
    <subfield code="8">1416008</subfield>
    <subfield code="s">1138937</subfield>
    <subfield code="u">http://cds.cern.ch/record/2627555/files/201803-165_14.jpg?subformat=icon-1440</subfield>
    <subfield code="x">icon-1440</subfield>
  </datafield>
  <datafield tag="856" ind1="4" ind2=" ">
    <subfield code="8">1416008</subfield>
    <subfield code="s">298432</subfield>
    <subfield code="u">http://cds.cern.ch/record/2627555/files/201803-165_14.jpg?subformat=icon-640</subfield>
    <subfield code="x">icon-640</subfield>
  </datafield>
  <datafield tag="856" ind1="4" ind2=" ">
    <subfield code="8">1416008</subfield>
    <subfield code="s">38649</subfield>
    <subfield code="u">http://cds.cern.ch/record/2627555/files/201803-165_14.jpg?subformat=icon-180</subfield>
    <subfield code="x">icon-180</subfield>
  </datafield>
  <datafield tag="856" ind1="4" ind2=" ">
    <subfield code="8">1416009</subfield>
    <subfield code="s">141006</subfield>
    <subfield code="u">http://cds.cern.ch/record/2627555/files/201803-165_15.jpg?subformat=icon-640</subfield>
    <subfield code="x">icon-640</subfield>
  </datafield>
  <datafield tag="856" ind1="4" ind2=" ">
    <subfield code="8">1416009</subfield>
    <subfield code="s">27742</subfield>
    <subfield code="u">http://cds.cern.ch/record/2627555/files/201803-165_15.jpg?subformat=icon-180</subfield>
    <subfield code="x">icon-180</subfield>
  </datafield>
  <datafield tag="856" ind1="4" ind2=" ">
    <subfield code="8">1416009</subfield>
    <subfield code="s">490675</subfield>
    <subfield code="u">http://cds.cern.ch/record/2627555/files/201803-165_15.jpg?subformat=icon-1440</subfield>
    <subfield code="x">icon-1440</subfield>
  </datafield>
  <datafield tag="859" ind1=" " ind2=" ">
    <subfield code="f">julien.ordan@cern.ch</subfield>
  </datafield>
  <datafield tag="859" ind1=" " ind2=" ">
    <subfield code="f">corinne.pralavorio@cern.ch</subfield>
  </datafield>
  <datafield tag="859" ind1=" " ind2=" ">
    <subfield code="f">cristina.agrigoroae@cern.ch</subfield>
  </datafield>
  <datafield tag="916" ind1=" " ind2=" ">
    <subfield code="s">n</subfield>
    <subfield code="w">201826</subfield>
  </datafield>
  <datafield tag="923" ind1=" " ind2=" ">
    <subfield code="p">CERN 50</subfield>
    <subfield code="r">Corinne Pralavorio &lt;corinne.pralavorio@cern.ch></subfield>
  </datafield>
  <datafield tag="923" ind1=" " ind2=" ">
    <subfield code="p">CERN 50</subfield>
    <subfield code="r">Cristina Agrigoroae &lt;cristina.agrigoroae@cern.ch></subfield>
  </datafield>
  <datafield tag="960" ind1=" " ind2=" ">
    <subfield code="a">86</subfield>
  </datafield>
  <datafield tag="963" ind1=" " ind2=" ">
    <subfield code="a">PUBLIC</subfield>
  </datafield>
  <datafield tag="963" ind1=" " ind2=" ">
    <subfield code="b">VISIBLE</subfield>
  </datafield>
  <datafield tag="980" ind1=" " ind2=" ">
    <subfield code="a">PHOTOLABCERN</subfield>
  </datafield>
</record>
</collection>